Statistics for Not The United States

Click here to take the quiz!

General Stats

  • This quiz has been taken 430 times
  • The average score is 15 of 29

Answer Stats

GroupCountry% Correct
Countries That Border 3 Oceans, Countries With 7+ Million ImmigrantsCanada
92%
Countries That Border 3 Oceans, Countries With 7+ Million ImmigrantsRussia
89%
Countries With the Most Tropical CyclonesAustralia
83%
Countries With the Most Tropical CyclonesChina
83%
Countries With the Most Tropical Cyclones, Countries to Host a FIFA World Cup But Never WinMexico
83%
Countries With 7+ Million ImmigrantsUnited Kingdom
83%
Countries With the Most Tropical Cyclones, Countries to Host a FIFA World Cup But Never WinJapan
82%
Countries With 7+ Million ImmigrantsFrance
78%
Countries With 7+ Million ImmigrantsGermany
76%
Countries to Host a FIFA World Cup But Never WinSouth Africa
71%
Countries Whose Capital Begins With WNew Zealand
67%
Countries Whose Capital Begins With WPoland
64%
Countries That Border 3 OceansArgentina
58%
Countries With the Most Tropical CyclonesPhilippines
57%
Countries to Host a FIFA World Cup But Never WinSouth Korea
57%
Countries to Host a FIFA World Cup But Never WinChile
54%
Countries to Host a FIFA World Cup But Never WinSweden
40%
Countries Whose Capital Begins With WNamibia
36%
Countries That Use the US DollarPanama
35%
Countries With 7+ Million ImmigrantsSaudi Arabia
31%
Countries That Use the US DollarPalau
26%
Countries With 7+ Million ImmigrantsUnited Arab Emirates
26%
Countries to Host a FIFA World Cup But Never WinSwitzerland
25%
Countries That Use the US DollarEcuador
24%
Countries That Use the US DollarMarshall Islands
24%
Countries That Use the US DollarMicronesia
23%
Countries That Use the US DollarEl Salvador
22%
Countries That Use the US DollarZimbabwe
16%
Countries That Use the US DollarEast Timor
11%

Score Distribution

Percentile by Number Answered

Percent of People with Each Score

Your Score History

You have not taken this quiz